MARC

Tag First Indicator Second Indicator Subfields
LEADER 00000nam a2200000 i 4500
001 in00005631321
006 m o d
007 cr |||||||||||
008 200203t20202020ncua ob 001 0 eng
005 20250331130550.3
010 |a  2019046725 
020 |a 1478007346  |q (electronic book) 
020 |a 9781478007340  |q (electronic bk.) 
020 |z 9781478005971  |q (hardcover) 
020 |z 1478005971  |q (hardcover) 
020 |z 9781478006626  |q (paperback) 
020 |z 1478006625  |q (paperback) 
035 |a (DLC)jstor22573/CTV131PCVB 
037 |a 22573/ctv131pcvb  |b JSTOR 
040 |a NhCcYBP  |c NhCcYBP 
042 |a pcc 
043 |a f-ml--- 
050 4 |a N7399.M3  |b M66 2020 
072 7 |a PHO  |x 010000  |2 bisacsh 
072 7 |a HIS  |x 001050  |2 bisacsh 
082 0 0 |a 770  |2 23 
100 1 |a Moore, Allison  |c (Art historian),  |e author. 
245 1 0 |a Embodying relation :  |b art photography in Mali /  |c Allison Moore. 
264 1 |a Durham :  |b Duke University Press,  |c 2020. 
264 4 |c ©2020 
300 |a 1 online resource. 
336 |a text  |b txt  |2 rdacontent 
337 |a computer  |b c  |2 rdamedia 
338 |a online resource  |b cr  |2 rdacarrier 
490 1 |a Art history publication initiative 
504 |a Includes bibliographical references and index. 
505 0 |a Unknown photographer (Bamako, Mali) -- Malian portraiture glamorized and globalized -- Biennale effects : the African photography encounters -- Bamako becoming photographic : an archipelagic artworld -- Creolizing the archive -- Promoting women photographers -- Errantry, the social body, and photography as the Écho-monde. 
588 0 |a Online resource; title from digital title page (viewed on September 24, 2020). 
600 1 0 |a Glissant, Édouard,  |d 1928-2011  |x Philosophy. 
600 1 1 |a Glissant, Édouard,  |d 1928-2011  |x Philosophy. 
650 0 |a Photography  |z Mali  |y 20th century. 
650 0 |a Art, Malian  |z Mali  |z Bamako. 
650 0 |a Postcolonialism and the arts  |z Mali. 
650 0 |a Photography  |x Political aspects  |z Mali. 
650 0 |a Photography, Artistic. 
648 7 |a 1900-1999  |2 fast 
655 7 |a Electronic books.  |2 local 
776 1 8 |i Print version:  |a Moore, Allison (Art historian).  |t Embodying relation.  |d Durham : Duke University Press, 2020  |z 9781478005971  |w (DLC) 2019046724 
830 0 |a Art history publication initiative. 
856 4 0 |u http://proxy.library.tamu.edu/login?url=https://www.jstor.org/stable/10.2307/j.ctv131bthz  |z Connect to the full text of this electronic book  |t 0 
955 |a JSTOR DDA record 
999 f f |s 2e2614ee-9205-47c6-838a-6d639cf907e2  |i 40f3d571-82f1-4b80-bb62-2de78e679b55  |t 0 
952 f f |a Texas A&M University  |b College Station  |c Electronic Resources  |d Available Online  |t 0  |e N7399.M3 M66 2020  |h Library of Congress classification 
998 f f |a N7399.M3 M66 2020  |t 0  |l Available Online